000 01003nam a2200301 4500
003 EG-GICUC
005 20260121101334.0
008 251123s1933 fr ||||fr|||| 001 0 fre d
040 _aEG-GiCUC
_bfre
_cEG-GiCUC
_dEG-GiCUC
_eRda
041 _afre
082 0 4 _221
_a341.84
_bRO . C
092 0 4 _221
099 _aLAW1 12 341.84 RO . C 1933
100 1 _aRoubier, Paul
_eAuteur
245 1 4 _aLes Conflits De Lois Dans Le Temps (Théorie Dite De La Non-rétroactivité Des Lois).
_nTome Deuxième /
_cpar Paul Roubier.
264 1 _aParis :
_bLIBRAIRIE DU RECUEIL SIREY,
_c1933.
300 _a816 page ;
_c 24 cm.
336 _2rda contenu
_a texte
337 _2rda medias
_aOrdinateur
338 _2 transporteur rda
_a Ressource en ligne
504 _aRéférences bibliographiques
546 _aTexte en français
650 1 4 _aConflit de lois
_2qrmak
651 1 _2qrmak
856 4 0 _uhttps://fll.law.cu.edu.eg/fulltext/bks/B12-01475.pdf
905 _a75
_eYara
942 _2ddc
_n0
_cBK
_e21
999 _c45466
_d45466